| 000 | 00000nam##2200000za#4500 |
| 001 | 9.569781 |
| 003 | CaOODSP |
| 005 | 20210624181930 |
| 007 | cr ||||||||||| |
| 008 | 150406|2006||||xxc|||||o f|0| 0 eng|d |
| 040 | |aCaOODSP|beng |
| 043 | |an-cn--- |
| 086 | 1 |aNH18-1/227-2006E-PDF |
| 110 | 2 |aCanada Mortgage and Housing Corporation. |
| 245 | 10|aCriteria and method for evaluating subdivision plans for livability and sustainability / |h[electronic resource]|cprepared by Ray Tomalty ... [et al.]. |
| 260 | |aOttawa - Ontario : |bCanada Mortgage and Housing Corporation |c2006. |
| 300 | |a185p.|breferences, tables |
| 490 | 1 |aResearch report |
| 546 | |a(Comprend du texte en français.) |
| 590 | |a12-28-Supp|b2012-06-15 |
| 720 | 1 |aTomalty, Ray |
| 830 | #0|aResearch report (Canada Mortgage and Housing Corporation : Online)|w(CaOODSP)9.506068 |
| 856 | 40|ahttp://publications.gc.ca|qPDF|s2 MB|uhttps://publications.gc.ca/collections/collection_2011/schl-cmhc/nh18-1/NH18-1-227-2006-eng.pdf |